| 000 | 00863cab a2200181 4500 | ||
|---|---|---|---|
| 001 | L130506 | ||
| 008 | 050808n2005 000 0 eng u | ||
| 035 | _a(Sirsi) u130506 | ||
| 041 | _aeng | ||
| 100 | _aHeath, Philip | ||
| 245 | _aFinding best value solutions | ||
| 260 | _c2005 | ||
| 490 |
_aRICS Building Surveying Faculty: The Journal _v(15) July/August 8(1) |
||
| 520 | _aConsiders the issue of specifying sustainable roof insulation particularly in the long term. Looks in particular at flat roofs which have a degree of foot traffic both during construction and afterwards during maintenance. Refers to a classification scheme developed by a study which looked at the effects of normal foot traffic on a number of flat roof insulation materials. Tables. | ||
| 590 | _aIKA160805 | ||
| 690 | _aBUILT ENVIRONMENT-SUSTAINABLE CONSTRUCTION | ||
| 942 | _n0 | ||
| 999 |
_c75659 _d75659 |
||